| 000 | 00581nam a2200241Ia 4500 | ||
|---|---|---|---|
| 005 | 20250425162102.0 | ||
| 008 | 250425s9999 xx 000 0 und d | ||
| 020 | _a025601518X | ||
| 041 | _aafr | ||
| 082 | _a657 | ||
| 100 | _aDON EDWARDS, JAMES | ||
| 245 | 0 | _aACCOUNTING II A PROGRAMMED TEXT | |
| 250 | _a3TH ED | ||
| 260 |
_aEstados Unidos _bRICHARD IRWIN _c1974 |
||
| 260 | _aS.L. | ||
| 300 | _a577 | ||
| 650 | _aCONTABILIDAD | ||
| 650 | _aCONTABILIDAD FINANCIERA | ||
| 700 | _aHERMANSON, ROGER H | ||
| 700 | _aSALMONSON, R F | ||
| 942 | _c01 | ||
| 010 | _a48705 | ||
| 999 |
_c222050 _d222050 |
||